Game of Thrones Houses - Statistics

General Stats
  • This quiz has been taken 318 times
    309 since last reset
  • The average score is 40 of 63
Answer Stats
Questions Answer % Correct
Lannister
99%
Stark
99%
Baratheon
97%
Tyrell
96%
Martell
95%
Greyjoy
93%
Targaryen
93%
Tully
93%
What are the main houses of Westeros? Arryn
90%
Direwolf
89%
Lion
88%
Winter is Coming
86%
Dragon
84%
Stag
81%
Eddard
80%
Rose
80%
Winterfell
77%
Casterly Rock
75%
Robert
75%
Tywin
75%
Kraken
74%
Highgarden
71%
Sunspear
71%
Fire and Blood
69%
Bolton
68%
Dragonstone
68%
Hear Me Roar
67%
Riverrun
67%
Trout
67%
Pyke
66%
Storm's End
66%
Sun and Spear
66%
Viserys
64%
We Do Not Sow
64%
And their seats? The Eyrie
63%
And their sigils? Falcon and Moon
61%
Growing Strong
59%
Balon
58%
Ours is the Fury
58%
Mace
56%
Doran
54%
Doran
54%
Flayed Man
54%
Unbowed, Unbent, Unbroken
54%
Family, Duty, Honor
53%
And their Lord at the START of the series? Robin
53%
Current Lord, or if the house is extinct, the most recent Lord. Robin
53%
Roose
53%
Euron or Yara
52%
And their words? As High as Honor
50%
Hoster
48%
Daenerys
46%
Stannis
46%
Edmure
44%
Ramsay
41%
The Dreadfort
41%
Cersei
40%
6 A Lannister Always Pays His Debts
35%
Olenna
35%
Our Blades are Sharp
32%
5 What is Dead May Never Die
9%
Common sayings of 3 A Naked Man Has Few Secrets; A Flayed Man, None
1%
Bran or Sansa
0%
No matching quizzes found
Score Distribution
Percent of People with Each Score
Percentile by Number Answered
Your Score History
You have not taken this quiz since the last reset